| 000 | 01829nam2a22003131 4500 | ||
|---|---|---|---|
| 001 | rc\4670491 | ||
| 005 | 20250612002635.0 | ||
| 035 | _a(NLR Aleph) 008420838 | ||
| 090 |
_a9355752 _c9355752 |
||
| 100 | _a20130416d1967 |||y0rusy50 ca | ||
| 101 | 0 | _arus | |
| 102 | _aRU | ||
| 105 | _aa z ||||| | ||
| 200 | 1 |
_aЭлектропитание современных самолетов и вторичные источники питания _e(Обзор по материалам зарубежной печати за 1966-1967 гг.) _fРед. К.Б. Мазель _gМ-во радиопром-сти СССР |
|
| 210 |
_aБ. м. _cБ. и. _d1967 |
||
| 215 |
_a41 с. _cил. _d23 |
||
| 225 | 2 |
_aОбзоры состояния отдельных вопросов радиоэлектроники _vВып. 51 |
|
| 300 | _aОтпеч. множит. аппаратом | ||
| 300 | _aНа обл. сост. не указан | ||
| 320 | _aБиблиогр.: с. 39 | ||
| 461 | 0 |
_1001RU\NLR\INFOCOMM17\1000422614 _12001#$aОбзоры состояния отдельных вопросов радиоэлектроники$fГос. Ком. Совета Министров СССР по электрон. технике. Отдел науч.-техн. информации$v1967, вып. 51 _92388672 _cМ. _d1961-1969 _fГос. Ком. Совета Министров СССР по электрон. технике. Отдел науч.-техн. информации _tОбзоры состояния отдельных вопросов радиоэлектроники _v1967, вып. 51 |
|
| 700 | 1 |
_aПионтковский _bС.С. _gСергей Сергеевич |
|
| 801 | 0 |
_aRU _bNLR _gpsbo |
|
| 801 | 1 |
_aRU _bELAR _2rusmarc |
|
| 852 |
_aNLR _jП10/2487 |
||
| 942 | _cISSUE | ||
| 980 | _aNB | ||
| 980 | _aRUSPER | ||